• 首页
  • 本馆介绍
  • 公告通知
  • 最新文献
  • 馆藏检索
  • 电子资源
  • 读者导购
  • 参考咨询
  • 我的图书馆
  • 登录
  • 详细信息显示
  • 放入我的书架
  • 预约/预借图书
  • 作者相关作品
  • 分类相关作品
  • 丛书相关作品
  • 出版社相关作品

书目信息

  • 表格格式
  • 工作单格式
  • 卡片格式
题名:
苏作木雕
    
 
作者: 姜晋 著
分册:  
出版信息: 苏州   苏州大学出版社  2016
页数: 209页
开本: 25cm
丛书名:
单 册:
中图分类: J314.2
科图分类:
主题词: 木雕--mu diao--介绍--苏州
电子资源:
ISBN: 978-7-5672-1194-0
000 00769nam0 22002411 450
001 0115101203
005 20170415101203.0
010    @a978-7-5672-1194-0@dCNY58.00
100    @a20160620d2016 em y0chiy50 ea
101 0  @achi
102    @aCN@b320000
105    @aa z 000yy
106    @ar
200 1  @a苏作木雕@Asu zuo mu diao@f姜晋著
210    @a苏州@c苏州大学出版社@d2016
215    @a209页@c彩图,照片@d25cm
300    @a刀尖上的艺术/袁牧主编
330    @a本书内容包括:木头上的雕刻、苏作木雕艺术、苏作木雕的样式及品类、苏作木雕产业与现状、苏作木雕选材及技艺、苏作木雕赏玩等。
606 0  @a木雕@Amu diao@x介绍@y苏州
690    @aJ314.2@v5
701  0 @a姜晋@Ajiang jin@c(文史)@4著
801  0 @aCN@bTANGWEI@c20170308
905    @b0965307-10@dJ314.2@e38@f4
    
    苏作木雕/姜晋著.-苏州:苏州大学出版社,2016
    209页:彩图,照片;25cm
    刀尖上的艺术/袁牧主编
    
    ISBN 978-7-5672-1194-0:CNY58.00
    本书内容包括:木头上的雕刻、苏作木雕艺术、苏作木雕的样式及品类、苏作木雕产业与现状、苏作木雕选材及技艺、苏作木雕赏玩等。
●
相关链接 在E读中查询图书 在五车中查询图书 在当当中查询图书 在豆瓣中查询图书


正题名:苏作木雕     索取号:J314.2/38         预约/预借

序号 登录号 条形码 馆藏地/架位号 状态 备注
1 0965307   209653070   第一样本阅览室/ [索取号:J314.2/38] 在馆    
2 0965308   209653089   第一借阅区/ [索取号:J314.2/38] 在馆    
3 0965309   209653098   第一借阅区/ [索取号:J314.2/38] 在馆    
4 0965310   209653105   第一借阅区/ [索取号:J314.2/38] 在馆    
唐山师范学院图书馆 欢迎您!
大连网信软件有限公司© 版权所有